Video Game Protagonists By Picture - Statistics

General Stats
  • This quiz has been taken 56 times
  • The average score is 10 of 16
Answer Stats
Picture Answer % Correct
Batman
96%
Spider-Man
96%
Steve
92%
Kratos
88%
Master Chief
81%
Arthur Morgan
73%
Ellie williams
69%
Ezio Auditore
60%
Geralt Of Rivia
58%
Nathan Drake
52%
John Marston
48%
Joel Miller
38%
Jin Sakai/The Ghost
33%
Abby Anderson
27%
Galen Marek/Starkiller
25%
Darth Revan
21%
No matching quizzes found
Score Distribution
Percent of People with Each Score
Percentile by Number Answered
Your Score History
You have not taken this quiz